[Event "POL-chT3"]
[Site "Poland"]
[Date "2002.??.??"]
[Round "?"]
[White "Czakon, Jakub"]
[Black "Latka, Wieslaw"]
[Result "0-1"]
[WhiteElo "2207"]
[BlackElo "2115"]
[PlyCount "62"]
[EventDate "2002.??.??"]
[EventType "team"]
[EventRounds "9"]
[EventCountry "POL"]
[SourceTitle "EXT 2006"]
[Source "ChessBase"]
[SourceDate "2005.11.24"]
[SourceVersion "1"]
[SourceVersionDate "2005.11.24"]
[SourceQuality "1"]

1. e4 d5 2. exd5 Qxd5 3. Nc3 Qa5 4. d4 Nf6 5. Nf3 c6 6. Bc4 Bf5 7. Qe2 e6 8. Bd2 Bb4 9. a3 Nbd7 10. 0-0 Bxc3 11. Bxc3 Qc7 12. Ne5 0-0 13. f4 Rad8 14. g4 Nxe5 15. fxe5 Nxg4 16. Rf4 Nh6 17. Bb4 Rfe8 18. Bd6 Qb6 19. b4 Bg6 20. h4 Rd7 21. h5 Qd8 22. Rg4 Nxg4 23. Qxg4 Bf5 24. Qg3 h6 25. Kh2 Qg5 26. Qxg5 hxg5 27. Rg1 g4 28. c3 Kh7 29. Be2 Kh6 30. Bxg4 Bxg4 31. Rxg4 f5 0-1

[Event "POL-chT Region"]
[Site "Poland"]
[Date "1999.??.??"]
[Round "?"]
[White "Kornasiewicz, Stanislaw"]
[Black "Latka, Wieslaw"]
[Result "1-0"]
[WhiteElo "2306"]
[BlackElo "2140"]
[PlyCount "112"]
[EventDate "1999.??.??"]
[EventType "team"]
[EventRounds "13"]
[EventCountry "POL"]
[SourceTitle "EXT 2002"]
[Source "ChessBase"]
[SourceDate "2001.11.25"]
[SourceVersion "1"]
[SourceVersionDate "2001.11.25"]
[SourceQuality "1"]

1. Nf3 Nf6 2. g3 g6 3. Bg2 Bg7 4. 0-0 0-0 5. d4 d5 6. c4 c6 7. cxd5 cxd5 8. Nc3 e6 9. Bf4 Nc6 10. Ne5 Nxe5 11. Bxe5 Bd7 12. Rc1 Bc6 13. b4 a6 14. a4 Ne4 15. Bxg7 Nxc3 16. Rxc3 Kxg7 17. Qb3 Qd7 18. a5 Bb5 19. Qb2 Rac8 20. Rc5 Kg8 21. Rfc1 Rfd8 22. e3 Rc6 23. Rxc6 Bxc6 24. Rc5 Bb5 25. Qc3 Bc4 26. Bf1 Bxf1 27. Kxf1 Kg7 28. Kg2 Qa4 29. Rc7 Rd7 30. Rc8 Qb5 31. Qc5 Qxc5 32. bxc5 Kf6 33. g4 g5 34. Kg3 Kg7 35. f4 h6 36. h4 gxh4+ 37. Kxh4 Re7 38. Kh5 Rd7 39. Kh4 Re7 40. Kg3 Rd7 41. Kf3 Kh7 42. e4 dxe4+ 43. Kxe4 Kg7 44. c6 bxc6 45. Rxc6 Rd5 46. Rxa6 h5 47. gxh5 Rxh5 48. Ra7 Kg6 49. Kd3 f6 50. Ke4 Rh3 51. Rc7 Ra3 52. Rc5 Kf7 53. f5 exf5+ 54. Kxf5 Rf3+ 55. Ke4 Rh3 56. Kd5 Ke7 1-0

[Event "POL-chT Region"]
[Site "Poland"]
[Date "1999.??.??"]
[Round "?"]
[White "Latka, Wieslaw"]
[Black "Dawidow, Jacek"]
[Result "1/2-1/2"]
[WhiteElo "2140"]
[BlackElo "2357"]
[PlyCount "87"]
[EventDate "1999.??.??"]
[EventType "team"]
[EventRounds "13"]
[EventCountry "POL"]
[SourceTitle "EXT 2002"]
[Source "ChessBase"]
[SourceDate "2001.11.25"]
[SourceVersion "1"]
[SourceVersionDate "2001.11.25"]
[SourceQuality "1"]

1. e4 c5 2. Nf3 a6 3. b3 d6 4. d4 Nf6 5. Bd3 cxd4 6. Nxd4 e5 7. Ne2 d5 8. Ng3 Bg4 9. Be2 Be6 10. 0-0 Nxe4 11. Nxe4 dxe4 12. Qxd8+ Kxd8 13. Bb2 Nc6 14. Nd2 e3 15. fxe3 Bc5 16. Kf2 Kc7 17. Nc4 f6 18. a3 Rad8 19. Rfd1 Ne7 20. Kf3 h5 21. h3 Nf5 22. e4 Nd4+ 23. Bxd4 Bxd4 24. Rab1 g5 25. Kg3 b5 26. Nd2 g4 27. hxg4 Be3 28. Nf1 Bf4+ 29. Kf2 hxg4 30. Rxd8 Rxd8 31. Bd3 Kc6 32. Rd1 Kc5 33. Ne3 Rh8 34. Nf5 a5 35. Be2 Bxf5 36. Rd5+ Kc6 37. Bxb5+ Kb6 38. exf5 e4 39. Bf1 g3+ 40. Ke1 Ra8 41. a4 Bc7 42. Ke2 Re8 43. Ke3 Kc6 44. c4 1/2-1/2

[Event "POL-chT 2nd div South"]
[Site "Polanica Zdroj"]
[Date "1999.??.??"]
[Round "10"]
[White "Luksik, Mateusz"]
[Black "Latka, Wieslaw"]
[Result "1/2-1/2"]
[WhiteElo "2157"]
[BlackElo "2140"]
[PlyCount "31"]
[EventDate "1999.09.17"]
[EventType "team-swiss"]
[EventRounds "10"]
[EventCountry "POL"]
[SourceTitle "EXT 2001"]
[Source "ChessBase"]
[SourceDate "2000.11.22"]
[SourceVersion "1"]
[SourceVersionDate "2000.11.22"]
[SourceQuality "1"]
[WhiteTeam "POL-chT 2nd div South 24"]
[BlackTeam "POL-chT 2nd div South 27"]
[WhiteTeamCountry "POL"]
[BlackTeamCountry "POL"]

1. e4 d5 2. exd5 Qxd5 3. Nc3 Qa5 4. Nf3 Nf6 5. d4 c6 6. Be2 Bf5 7. 0-0 e6 8. a3 Nbd7 9. Be3 Bd6 10. b4 Qc7 11. Na4 0-0 12. Nc5 Ne4 13. Nxe4 Bxe4 14. h3 Rad8 15. c3 e5 16. Bd3 1/2-1/2

[Event "POL-chT 2nd League South"]
[Site "Wisla"]
[Date "1998.??.??"]
[Round "?"]
[White "Latka, Wieslaw"]
[Black "Banasik, Henryk"]
[Result "0-1"]
[WhiteElo "2165"]
[BlackElo "2165"]
[PlyCount "146"]
[EventDate "1998.11.20"]
[EventType "team-swiss"]
[EventRounds "10"]
[EventCountry "POL"]
[SourceTitle "EXT 2000"]
[Source "ChessBase"]
[SourceDate "1999.11.16"]
[SourceVersion "1"]
[SourceVersionDate "1999.11.16"]
[SourceQuality "1"]

1. e4 c5 2. Nf3 a6 3. d4 cxd4 4. Nxd4 Nf6 5. Bd3 e5 6. Nb3 d5 7. exd5 e4 8. Be2 Qxd5 9. 0-0 Nc6 10. Nc3 Qxd1 11. Bxd1 Bb4 12. Ne2 0-0 13. c3 Bd6 14. Ned4 Ng4 15. Nxc6 bxc6 16. h3 Ne5 17. Bf4 Re8 18. Bg3 a5 19. Be2 a4 20. Nd4 Bb7 21. Rad1 Rad8 22. Nf5 Bb8 23. Rxd8 Rxd8 24. Rd1 Rxd1+ 25. Bxd1 a3 26. bxa3 g6 27. Nh6+ Kg7 28. Ng4 Nd7 29. Bxb8 Nxb8 30. Be2 Nd7 31. a4 f5 32. Ne3 Nc5 33. a5 Kf6 34. Kf1 Ke5 35. Ke1 Kd6 36. Nc2 Kc7 37. Nb4 Nd7 38. Kd2 c5 39. Nc2 Ne5 40. Ne3 f4 41. Ng4 Nd7 42. Bb5 Bc6 43. Be2 h5 44. Nh2 Ne5 45. g3 e3+ 46. Ke1 f3 47. Ba6 e2 48. Bxe2 fxe2 49. Kxe2 Bg2 50. f4 Nc6 51. h4 Nxa5 52. g4 Bd5 53. gxh5 gxh5 54. a4 Kd6 55. Kf2 Bc6 56. Nf1 Bxa4 57. Ng3 Be8 58. Ne4+ Kc6 59. f5 Nc4 60. Kf3 Nd6 61. Nf6 Bf7 62. Kf4 Kb5 63. Ke5 Nc4+ 64. Kf4 Nd2 65. Nd7 Nc4 66. Nf6 Kc6 67. Ne4 Nd6 68. Ng5 Kd5 69. c4+ Kd4 70. f6 Bxc4 71. Nf3+ Kc3 72. Kg5 Kb2 73. Ne5 Nf7+ 0-1